Najlepsi strzelcy Chelsea. - Statystyki

Ogólne statystyki
  • Ten quiz został rozwiązany 372 razy
  • Średni wynik to 6 z 15
Statystyki odpowiedzi
Lata Ilość goli Piłkarz % Poprawnych
2004-2012 , 2014-2015 164 Drogba
97%
2001-2014 210 Lampard
91%
2012-2019 110 Hazard
83%
2014-2018 58 Costa
59%
1999-2017 66 Terry
53%
1997-2003 74 Zola
51%
2013-2020 63 Willian
44%
2008-2012 59 Anelka
40%
2006-2012 60 Kalou
19%
2000-2004 88 Hasselbaink
16%
2000-2006 78 Gudjohnsen
9%
1964-1974 , 1978-1780 94 Osgood
9%
1959-1970 78 Tambling
8%
1990-2001 60 Wise
7%
1983-1992 67 Dixon
5%
Nie znaleziono quizów pasujących do podanych kryteriów
Rozkład punktacji
Procent ludzi z każdym wynikiem
Percentyl według liczby udzielonych odpowiedzi
Twoja historia wyników
Nie rozwiązałeś tego quizu